[Event "Dutch Open-ch 2019"]
[Site "Dieren"]
[Date "2019.08.01"]
[Round "9.3"]
[White "Van Foreest, Lucas"]
[Black "Odendahl, Reiner"]
[Result "1-0"]
[WhiteElo "2521"]
[BlackElo "2352"]
[Annotator "ChessBase"]
[PlyCount "103"]
[EventDate "2019.07.23"]
[EventType "swiss"]
[EventCountry "NED"]
[SourceTitle "playchess.com"]
[Source "ChessBase"]
[SourceQuality "1"]
[TimeControl "40/5400+30:1800+30"]

1. e4 {[%emt 0:05:32]} c5 {[%emt 0:00:00]} 2. Nf3 {[%emt 0:00:02]} d6 {[%emt 0:00:04]} 3. d4 {[%emt 0:00:03]} cxd4 {[%emt 0:00:15]} 4. Nxd4 {[%emt 0:00:03]} Nf6 {[%emt 0:00:09]} 5. Nc3 {[%emt 0:00:02]} Nc6 {[%emt 0:00:14]} 6. Nd5 {[%emt 0:00:03]} e6 {[%emt 0:12:13]} 7. Nxf6+ {[%emt 0:00:13]} Qxf6 {[%emt 0:00:09]} 8. Nb5 {[%emt 0:00:01]} Qd8 {[%emt 0:00:23]} 9. c4 {[%emt 0:00:02]} a6 {[%emt 0:03:31]} 10. Nc3 {[%emt 0:00:14]} Be7 {[%emt 0:00:32]} 11. Be2 {[%emt 0:03:03]} O-O {[%emt 0:04:40]} 12. O-O {[%emt 0:00:22]} Ne5 {[%emt 0:10:46]} 13. Be3 {[%emt 0:01:54]} b6 {[%emt 0:02:16]} 14. f4 {[%emt 0:00:11]} Nd7 {[%emt 0:00:44]} 15. Qd2 {[%emt 0:11:59]} Bb7 {[%emt 0:02:55]} 16. Rfd1 {[%emt 0:02:03]} Nc5 {[%emt 0:04:55]} 17. Bf3 {[%emt 0:05:16]} Qb8 {[%emt 0:11:21]} 18. Rac1 {[%emt 0:03:43]} Rd8 {[%emt 0:02:05]} 19. Qf2 {[%emt 0:04:04]} a5 {[%emt 0:09:06]} 20. Rd2 {[%emt 0:07:05]} Bc6 {[%emt 0:01:46]} 21. Bd4 {[%emt 0:03:21]} Ra7 {[%emt 0:08:04]} 22. Qg3 {[%emt 0:05:11]} Bf8 {[%emt 0:00:49]} 23. f5 {[%emt 0:00:09]} Kh8 {[%emt 0:08:04]} 24. Qh4 {[%emt 0:04:39]} Re8 {[%emt 0:02:01]} 25. Bh5 {[%emt 0:08:22]} Qd8 {[%emt 0:01:56]} 26. f6 {[%emt 0:03:00]} e5 {[%emt 0:00:30]} 27. Be3 {[%emt 0:00:21]} Qxf6 {[%emt 0:01:32]} 28. Bg5 {[%emt 0:01:34]} Qe6 {[%emt 0:00:02]} 29. Bg4 {[%emt 0:09:58]} Qxc4 {[%emt 0:00:06]} 30. Bf5 {[%emt 0:00:16]} g6 {[%emt 0:02:00]} 31. Ne2 {[%emt 0:01:08]} Qxa2 {[%emt 0:02:28]} 32. b4 {[%emt 0:00:08]} axb4 {[%emt 0:00:28]} 33. Rxa2 {[%emt 0:00:07]} Rxa2 {[%emt 0:00:04]} 34. Bg4 {[%emt 0:03:57]} Bxe4 {[%emt 0:02:36]} 35. Rf1 {[%emt 0:04:12]} f5 {[%emt 0:01:27]} 36. Bf6+ {[%emt 0:00:01]} Kg8 {[%emt 0:00:25]} 37. Bf3 {[%emt 0:00:36]} b3 {[%emt 0:02:40]} 38. Nc3 {[%emt 0:00:13]} Bxf3 {[%emt 0:02:26]} 39. Nxa2 {[%emt 0:01:59]} Be2 {[%emt 0:00:06]} 40. Nc3 {[%emt 0:00:09]} Bxf1 {[%emt 0:00:45]} 41. Kxf1 {[%emt 0:30:04]} b5 {[%emt 0:07:24]} 42. Qb4 {[%emt 0:00:00]} Kf7 {[%emt 0:05:09]} 43. Qxb5 {[%emt 0:00:00]} Ra8 {[%emt 0:00:47]} 44. Bh4 {[%emt 0:00:00]} Ra1+ {[%emt 0:01:44]} 45. Ke2 {[%emt 0:00:00]} Rc1 {[%emt 0:01:29]} 46. Na4 {[%emt 0:00:00]} Rc2+ {[%emt 0:11:41]} 47. Kd1 {[%emt 0:00:00]} Bh6 {[%emt 0:04:12]} 48. Nxc5 {[%emt 0:00:00]} Rc1+ {[%emt 0:00:10]} 49. Ke2 {[%emt 0:00:00]} Rc2+ {[%emt 0:00:30]} 50. Kd3 {[%emt 0:00:00]} Rd2+ {[%emt 0:00:51]} 51. Kc3 {[%emt 0:00:00]} dxc5 {[%emt 0:00:26]} 52. Qxb3+ {[%emt 0:20:40]} 1-0

[Event "Dutch Open-ch 2019"]
[Site "Dieren"]
[Date "2019.08.01"]
[Round "9.4"]
[White "David, Alberto"]
[Black "Beerdsen, Thomas"]
[Result "1-0"]
[WhiteElo "2553"]
[BlackElo "2497"]
[Annotator "ChessBase"]
[PlyCount "91"]
[EventDate "2019.07.23"]
[EventType "swiss"]
[EventCountry "NED"]
[SourceTitle "playchess.com"]
[Source "ChessBase"]
[SourceQuality "1"]
[TimeControl "40/5400+30:1800+30"]

1. e4 {[%emt 0:00:00]} c5 {[%emt 0:00:00]} 2. Nf3 {[%emt 0:00:00]} e6 {[%emt 0:00:00]} 3. d3 {[%emt 0:02:24]} Nc6 {[%emt 0:00:31]} 4. g3 {[%emt 0:00:07]} Nf6 {[%emt 0:01:04]} 5. Bg2 {[%emt 0:00:05]} d5 {[%emt 0:00:10]} 6. Qe2 {[%emt 0:00:35]} Be7 {[%emt 0:00:08]} 7. O-O {[%emt 0:00:38]} b5 {[%emt 0:00:32]} 8. c3 {[%emt 0:01:55]} b4 {[%emt 0:04:06]} 9. e5 {[%emt 0:02:58]} Nd7 {[%emt 0:01:00]} 10. c4 {[%emt 0:00:05]} Nb6 {[%emt 0:03:02]} 11. h4 {[%emt 0:00:19]} h6 {[%emt 0:03:13]} 12. h5 {[%emt 0:05:15]} a5 {[%emt 0:00:44]} 13. Bf4 {[%emt 0:12:23]} Qd7 {[%emt 0:12:00]} 14. Rd1 {[%emt 0:03:02]} Ba6 {[%emt 0:04:52]} 15. Nbd2 {[%emt 0:00:16]} a4 {[%emt 0:02:33]} 16. Rac1 {[%emt 0:01:49]} O-O-O {[%emt 0:06:17]} 17. Be3 {[%emt 0:07:14]} d4 {[%emt 0:04:51]} 18. Bf4 {[%emt 0:00:40]} g5 {[%emt 0:00:11]} 19. hxg6 {[%emt 0:00:07]} fxg6 {[%emt 0:00:04]} 20. Ne4 {[%emt 0:01:19]} g5 {[%emt 0:00:23]} 21. Bd2 {[%emt 0:00:07]} Qc7 {[%emt 0:06:34]} 22. Bh3 {[%emt 0:05:13]} Nxe5 {[%emt 0:01:45]} 23. Nxe5 {[%emt 0:03:03]} Qxe5 {[%emt 0:00:05]} 24. f4 {[%emt 0:00:10]} Qc7 {[%emt 0:00:22]} 25. Bxe6+ {[%emt 0:00:41]} Kb8 {[%emt 0:00:05]} 26. Rf1 {[%emt 0:03:00]} Bb7 {[%emt 0:06:07]} 27. Rce1 {[%emt 0:00:35]} Ka7 {[%emt 0:01:10]} 28. Qh5 {[%emt 0:06:33]} Rdf8 {[%emt 0:02:25]} 29. Rf2 {[%emt 0:10:40]} Qc6 {[%emt 0:08:22]} 30. Bh3 {[%emt 0:03:02]} gxf4 {[%emt 0:03:09]} 31. Bxf4 {[%emt 0:01:17]} Bg5 {[%emt 0:01:40]} 32. Bg2 {[%emt 0:03:52]} Bxf4 {[%emt 0:03:33]} 33. gxf4 {[%emt 0:14:10]} Nd7 {[%emt 0:01:12]} 34. Ng3 {[%emt 0:03:46]} Qd6 {[%emt 0:01:54]} 35. Nf5 {[%emt 0:05:42]} Qc7 {[%emt 0:02:31]} 36. Bxb7 {[%emt 0:01:44]} Qxb7 {[%emt 0:01:26]} 37. Re7 {[%emt 0:00:44]} Rhg8+ {[%emt 0:01:03]} 38. Ng7 {[%emt 0:01:01]} Ka8 {[%emt 0:01:18]} 39. Qh3 {[%emt 0:00:28]} Rd8 {[%emt 0:04:01]} 40. Rfe2 {[%emt 0:01:30]} Qc7 {[%emt 0:03:07]} 41. Qf3+ {[%emt 0:05:03]} Kb8 {[%emt 0:01:05]} 42. Kf1 {[%emt 0:03:19]} Rdf8 {[%emt 0:06:00]} 43. Ne6 {[%emt 0:01:31]} Ne5 {[%emt 0:00:38]} 44. Qa8+ {[%emt 0:00:33]} Kxa8 {[%emt 0:00:12]} 45. Nxc7+ {[%emt 0:00:04]} Kb8 {[%emt 0:00:31]} 46. Na6+ {[%emt 0:00:06]} 1-0

[Event "Dutch Open-ch 2019"]
[Site "Dieren"]
[Date "2019.08.01"]
[Round "9.5"]
[White "Zwirs, Nico"]
[Black "Reinderman, Dimitri"]
[Result "1/2-1/2"]
[WhiteElo "2380"]
[BlackElo "2583"]
[Annotator "TA"]
[PlyCount "44"]
[EventDate "2019.07.23"]
[EventType "swiss"]
[EventCountry "NED"]
[SourceTitle "playchess.com"]
[Source "ChessBase"]
[SourceQuality "1"]

{[%evp 20,26,43,33,39,36,50,39,42]} 1. e4 c5 2. Nf3 Nc6 3. d4 cxd4 4. Nxd4 e5 5. Nb5 d6 6. c4 Be7 7. N1c3 a6 8. Na3 Be6 9. Be2 Bg5 10. O-O Bxc1 11. Rxc1 {White is slightly better.} Nf6 {B32: Sicilian: Löwenthal and Kalashnikov Variations} 12. Qd2 O-O 13. Rfd1 Qb6 {[#]} {Predecessor:} 14. Nc2 $146 Rfd8 15. b3 Rac8 16. Qe3 Qxe3 17. Nxe3 Nd4 18. Kf1 Kf8 19. Nc2 Nxc2 20. Rxc2 Ke7 21. Rcc1 Rc6 22. f3 Rdc8 {½-½ (47) Svetushkin,D (2588)-Bacrot,E (2705) Calvi 2013} 1/2-1/2

[Event "Dutch Open-ch 2019"]
[Site "Dieren"]
[Date "2019.08.01"]
[Round "9.6"]
[White "Mohite, Ranveer"]
[Black "Ikonnikov, Vyacheslav"]
[Result "0-1"]
[WhiteElo "2229"]
[BlackElo "2499"]
[Annotator "ChessBase"]
[PlyCount "104"]
[EventDate "2019.07.23"]
[EventType "swiss"]
[EventCountry "NED"]
[SourceTitle "playchess.com"]
[Source "ChessBase"]
[SourceQuality "1"]
[TimeControl "40/5400+30:1800+30"]

1. e4 {[%emt 0:02:05]} c5 {[%emt 0:00:36]} 2. Nf3 {[%emt 0:01:38]} Nc6 {[%emt 0:00:50]} 3. d4 {[%emt 0:00:44]} cxd4 {[%emt 0:00:07]} 4. Nxd4 {[%emt 0:00:08]} e5 {[%emt 0:00:18]} 5. Nb5 {[%emt 0:00:16]} d6 {[%emt 0:00:07]} 6. N1c3 {[%emt 0:00:11]} a6 {[%emt 0:00:27]} 7. Na3 {[%emt 0:00:09]} Be7 {[%emt 0:00:23]} 8. Nc4 {[%emt 0:00:39]} b5 {[%emt 0:00:24]} 9. Ne3 {[%emt 0:00:10]} Nf6 {[%emt 0:00:06]} 10. g3 {[%emt 0:02:08]} O-O {[%emt 0:00:54]} 11. Bg2 {[%emt 0:00:25]} Rb8 {[%emt 0:04:37]} 12. O-O {[%emt 0:02:40]} Nd4 {[%emt 0:00:28]} 13. Ncd5 {[%emt 0:02:16]} Nxd5 {[%emt 0:11:58]} 14. Nxd5 {[%emt 0:00:10]} Bb7 {[%emt 0:00:24]} 15. c3 {[%emt 0:10:15]} Ne6 {[%emt 0:01:38]} 16. Be3 {[%emt 0:00:38]} Bg5 {[%emt 0:01:18]} 17. Bxg5 {[%emt 0:17:15]} Qxg5 {[%emt 0:05:10]} 18. Ne3 {[%emt 0:09:41]} Rfd8 {[%emt 0:14:51]} 19. a4 {[%emt 0:08:47]} Qe7 {[%emt 0:00:53]} 20. axb5 {[%emt 0:02:39]} axb5 {[%emt 0:00:18]} 21. Ra7 {[%emt 0:04:43]} Qc7 {[%emt 0:00:34]} 22. Qd2 {[%emt 0:05:24]} Qb6 {[%emt 0:01:48]} 23. Rfa1 {[%emt 0:01:37]} Ra8 {[%emt 0:04:42]} 24. Rxa8 {[%emt 0:01:32]} Bxa8 {[%emt 0:00:12]} 25. b4 {[%emt 0:01:41]} Bc6 {[%emt 0:01:19]} 26. Ra5 {[%emt 0:04:13]} g6 {[%emt 0:01:15]} 27. h4 {[%emt 0:02:11]} h5 {[%emt 0:07:03]} 28. Qa2 {[%emt 0:01:49]} Nc7 {[%emt 0:01:27]} 29. g4 {[%emt 0:02:26]} hxg4 {[%emt 0:01:08]} 30. Nxg4 {[%emt 0:03:43]} Ne6 {[%emt 0:01:37]} 31. Ra7 {[%emt 0:04:33]} Kf8 {[%emt 0:02:31]} 32. h5 {[%emt 0:04:18]} gxh5 {[%emt 0:00:19]} 33. Nf6 {[%emt 0:00:13]} Bb7 {[%emt 0:01:18]} 34. Nxh5 {[%emt 0:02:41]} Rc8 {[%emt 0:07:09]} 35. Bh3 {[%emt 0:02:08]} Ke7 {[%emt 0:00:33]} 36. Ng3 {[%emt 0:01:16]} Rxc3 {[%emt 0:00:53]} 37. Nf5+ {[%emt 0:00:23]} Kf6 {[%emt 0:00:39]} 38. Bg2 {[%emt 0:00:43]} Rc1+ {[%emt 0:00:58]} 39. Kh2 {[%emt 0:00:20]} Rc8 {[%emt 0:00:49]} 40. Ra3 {[%emt 0:00:39]} Nf4 {[%emt 0:01:21]} 41. Rf3 {[%emt 0:07:14]} Rh8+ {[%emt 0:04:48]} 42. Kg1 {[%emt 0:01:16]} Rg8 {[%emt 0:00:30]} 43. Rxf4 {[%emt 0:03:30]} exf4 {[%emt 0:00:57]} 44. Qb2+ {[%emt 0:05:17]} Ke6 {[%emt 0:00:44]} 45. Qb3+ {[%emt 0:04:53]} d5 {[%emt 0:01:47]} 46. Nh6 {[%emt 0:01:04]} Rg3 {[%emt 0:08:56]} 47. Qc2 {[%emt 0:04:59]} dxe4 {[%emt 0:02:22]} 48. Kf1 {[%emt 0:01:22]} Rd3 {[%emt 0:01:50]} 49. Bxe4 {[%emt 0:03:02]} Bxe4 {[%emt 0:00:33]} 50. Qc8+ {[%emt 0:00:02]} Kd5 {[%emt 0:13:28]} 51. Nxf7 {[%emt 0:01:29]} Qd4 {[%emt 0:00:50]} 52. Qa8+ {[%emt 0:00:50]} Kc4 {[%emt 0:00:09]} 0-1

[Event "Dutch Open-ch 2019"]
[Site "Dieren"]
[Date "2019.08.01"]
[Round "9.7"]
[White "Vrolijk, Liam"]
[Black "Maatman, Nick"]
[Result "0-1"]
[WhiteElo "2478"]
[BlackElo "2407"]
[Annotator "ChessBase"]
[PlyCount "84"]
[EventDate "2019.07.23"]
[EventType "swiss"]
[EventCountry "NED"]
[SourceTitle "playchess.com"]
[Source "ChessBase"]
[SourceQuality "1"]
[TimeControl "40/5400+30:1800+30"]

1. d4 {[%emt 0:00:54]} Nf6 {[%emt 0:03:14]} 2. c4 {[%emt 0:00:16]} g6 {[%emt 0:01:42]} 3. Nc3 {[%emt 0:01:53]} Bg7 {[%emt 0:01:42]} 4. e4 {[%emt 0:00:21]} d6 {[%emt 0:00:03]} 5. f3 {[%emt 0:01:53]} O-O {[%emt 0:00:06]} 6. Nge2 {[%emt 0:00:07]} a6 {[%emt 0:10:23]} 7. Be3 {[%emt 0:01:28]} Nbd7 {[%emt 0:02:26]} 8. Ng3 {[%emt 0:05:25]} h5 {[%emt 0:05:55]} 9. Bd3 {[%emt 0:01:43]} c5 {[%emt 0:02:51]} 10. Nge2 {[%emt 0:02:03]} cxd4 {[%emt 0:06:29]} 11. Nxd4 {[%emt 0:00:20]} Ne5 {[%emt 0:01:00]} 12. Be2 {[%emt 0:02:50]} Bd7 {[%emt 0:03:41]} 13. Rc1 {[%emt 0:05:41]} Qa5 {[%emt 0:10:29]} 14. Qd2 {[%emt 0:08:19]} Rfc8 {[%emt 0:00:51]} 15. Nd5 {[%emt 0:01:10]} Qd8 {[%emt 0:09:02]} 16. O-O {[%emt 0:05:14]} b5 {[%emt 0:02:36]} 17. b3 {[%emt 0:04:32]} Nxd5 {[%emt 0:02:59]} 18. cxd5 {[%emt 0:00:51]} Rxc1 {[%emt 0:03:06]} 19. Rxc1 {[%emt 0:00:43]} Rc8 {[%emt 0:00:03]} 20. h3 {[%emt 0:02:49]} Rxc1+ {[%emt 0:02:11]} 21. Qxc1 {[%emt 0:00:09]} Qc8 {[%emt 0:03:01]} 22. Qd2 {[%emt 0:04:21]} Be8 {[%emt 0:05:40]} 23. Qc2 {[%emt 0:06:52]} Qc5 {[%emt 0:04:49]} 24. Qd2 {[%emt 0:03:58]} Qa3 {[%emt 0:00:07]} 25. f4 {[%emt 0:02:31]} Nd7 {[%emt 0:00:03]} 26. Nc6 {[%emt 0:00:35]} Kf8 {[%emt 0:01:12]} 27. Kh2 {[%emt 0:04:25]} Nc5 {[%emt 0:02:31]} 28. Bf3 {[%emt 0:07:43]} Qb2 {[%emt 0:01:07]} 29. Qxb2 {[%emt 0:02:43]} Bxb2 {[%emt 0:00:06]} 30. Nd4 {[%emt 0:02:49]} Nd3 {[%emt 0:09:01]} 31. Nc2 {[%emt 0:01:56]} Bc1 {[%emt 0:00:49]} 32. Nb4 {[%emt 0:01:35]} Nxb4 {[%emt 0:00:52]} 33. Bxc1 {[%emt 0:00:07]} Nxa2 {[%emt 0:00:07]} 34. Bd2 {[%emt 0:01:13]} b4 {[%emt 0:00:08]} 35. g4 {[%emt 0:01:36]} hxg4 {[%emt 0:00:20]} 36. hxg4 {[%emt 0:00:07]} Bb5 {[%emt 0:02:03]} 37. Kg3 {[%emt 0:00:21]} a5 {[%emt 0:00:37]} 38. Be3 {[%emt 0:01:18]} Nc3 {[%emt 0:01:42]} 39. Bb6 {[%emt 0:02:08]} a4 {[%emt 0:00:38]} 40. bxa4 {[%emt 0:00:06]} Nxa4 {[%emt 0:03:32]} 41. Bd4 {[%emt 0:30:15]} Bd3 {[%emt 0:02:18]} 42. Bd1 {[%emt 0:00:00]} Nc3 {[%emt 0:00:50]} 0-1

[Event "Dutch Open-ch 2019"]
[Site "Dieren"]
[Date "2019.08.01"]
[Round "9.8"]
[White "Evengroen, Henk-Jan"]
[Black "Hausrath, Daniel"]
[Result "0-1"]
[WhiteElo "2176"]
[BlackElo "2468"]
[Annotator "ChessBase"]
[PlyCount "81"]
[EventDate "2019.07.23"]
[EventType "swiss"]
[EventCountry "NED"]
[SourceTitle "playchess.com"]
[Source "ChessBase"]
[SourceQuality "1"]
[TimeControl "40/5400+30:1800+30"]

1. d4 {[%emt 0:00:00]} Nf6 {[%emt 0:02:11]} 2. c4 {[%emt 0:00:00]} b6 {[%emt 0:00:30]} 3. Nc3 {[%emt 0:01:08]} Bb7 {[%emt 0:00:06]} 4. Nf3 {[%emt 0:09:33]} g6 {[%emt 0:01:20]} 5. e3 {[%emt 0:03:37]} Bg7 {[%emt 0:00:47]} 6. b4 {[%emt 0:00:22]} c5 {[%emt 0:06:29]} 7. a3 {[%emt 0:10:17]} O-O {[%emt 0:02:22]} 8. Be2 {[%emt 0:02:43]} d6 {[%emt 0:10:57]} 9. O-O {[%emt 0:01:27]} Nbd7 {[%emt 0:00:26]} 10. Rb1 {[%emt 0:06:08]} e6 {[%emt 0:06:58]} 11. Qc2 {[%emt 0:07:30]} Qe7 {[%emt 0:02:42]} 12. Rd1 {[%emt 0:02:34]} Rfc8 {[%emt 0:07:20]} 13. dxc5 {[%emt 0:10:26]} bxc5 {[%emt 0:04:04]} 14. e4 {[%emt 0:03:26]} cxb4 {[%emt 0:09:07]} 15. Bf4 {[%emt 0:02:50]} bxc3 {[%emt 0:16:58]} 16. Rxb7 {[%emt 0:01:40]} e5 {[%emt 0:00:21]} 17. Be3 {[%emt 0:10:59]} Qf8 {[%emt 0:04:40]} 18. Bxa7 {[%emt 0:07:10]} Rc6 {[%emt 0:00:57]} 19. Qxc3 {[%emt 0:03:43]} Ra6 {[%emt 0:03:42]} 20. Be3 {[%emt 0:01:35]} Nxe4 {[%emt 0:00:23]} 21. Qb4 {[%emt 0:00:45]} Ndc5 {[%emt 0:01:21]} 22. Bxc5 {[%emt 0:00:41]} Nxc5 {[%emt 0:02:38]} 23. Rb6 {[%emt 0:00:27]} Rxb6 {[%emt 0:00:14]} 24. Qxb6 {[%emt 0:00:05]} Ra6 {[%emt 0:00:10]} 25. Qc7 {[%emt 0:01:16]} Ne6 {[%emt 0:02:53]} 26. Qd7 {[%emt 0:00:46]} e4 {[%emt 0:00:19]} 27. Ng5 {[%emt 0:03:12]} Nc5 {[%emt 0:02:46]} 28. Qc7 {[%emt 0:00:27]} h6 {[%emt 0:01:29]} 29. Rb1 {[%emt 0:00:42]} Ra8 {[%emt 0:03:03]} 30. Nh3 {[%emt 0:00:21]} Be5 {[%emt 0:00:26]} 31. g3 {[%emt 0:03:45]} Qc8 {[%emt 0:02:32]} 32. Qxc8+ {[%emt 0:00:05]} Rxc8 {[%emt 0:00:01]} 33. Nf4 {[%emt 0:00:06]} Bxf4 {[%emt 0:00:50]} 34. gxf4 {[%emt 0:00:08]} Ne6 {[%emt 0:00:05]} 35. f5 {[%emt 0:01:32]} gxf5 {[%emt 0:00:43]} 36. Rb6 {[%emt 0:00:28]} Ra8 {[%emt 0:01:53]} 37. Rxd6 {[%emt 0:03:04]} Rxa3 {[%emt 0:00:03]} 38. Rc6 {[%emt 0:00:56]} Ra1+ {[%emt 0:00:50]} 39. Bf1 {[%emt 0:00:05]} f4 {[%emt 0:00:14]} 40. c5 {[%emt 0:00:47]} e3 {[%emt 0:01:59]} 41. Kg2 {[%emt 0:30:53]} 0-1

[Event "Dutch Open-ch 2019"]
[Site "Dieren"]
[Date "2019.08.01"]
[Round "9.9"]
[White "Maris, Ivo"]
[Black "Das, Arghyadip"]
[Result "1/2-1/2"]
[WhiteElo "2399"]
[BlackElo "2439"]
[Annotator "NA"]
[PlyCount "109"]
[EventDate "2019.07.23"]
[EventType "swiss"]
[EventCountry "NED"]
[SourceTitle "playchess.com"]
[Source "ChessBase"]
[SourceQuality "1"]
[TimeControl "40/5400+30:1800+30"]

1. c4 {[%emt 0:04:07]} e6 {[%emt 0:00:00]} 2. b3 {[%emt 0:01:16]} d5 {[%emt 0:00:00]} 3. Bb2 {[%emt 0:00:04]} Nf6 {[%emt 0:00:17]} 4. e3 {[%emt 0:00:17]} dxc4 {[%emt 0:09:39]} 5. bxc4 {[%emt 0:00:36]} c5 {[%emt 0:00:04]} 6. Nf3 {[%emt 0:03:35]} Nc6 {[%emt 0:00:16]} 7. a3 {[%emt 0:00:24]} b6 {[%emt 0:04:13]} 8. Qc2 {[%emt 0:01:13]} Bb7 {[%emt 0:00:30]} 9. Bd3 {[%emt 0:01:00]} Bd6 {[%emt 0:06:42]} 10. Nc3 {[%emt 0:08:50]} Qe7 {[%emt 0:03:32]} 11. Ne4 {[%emt 0:08:32]} Nxe4 {[%emt 0:06:51]} 12. Bxe4 {[%emt 0:00:31]} f5 {[%emt 0:00:18]} 13. Bxc6+ {[%emt 0:00:28]} Bxc6 {[%emt 0:00:15]} 14. Ne5 {[%emt 0:00:11]} Qc7 {[%emt 0:04:00]} 15. f4 {[%emt 0:01:30]} Qb7 {[%emt 0:09:21]} 16. Rg1 {[%emt 0:02:32]} O-O-O {[%emt 0:12:06]} 17. d3 {[%emt 0:08:30]} Rhe8 {[%emt 0:06:36]} 18. g4 {[%emt 0:03:59]} Re7 {[%emt 0:00:59]} 19. gxf5 {[%emt 0:02:56]} exf5 {[%emt 0:00:45]} 20. O-O-O {[%emt 0:02:25]} Kb8 {[%emt 0:08:41]} 21. Rg5 {[%emt 0:03:18]} Bd7 {[%emt 0:05:00]} 22. Rdg1 {[%emt 0:00:57]} g6 {[%emt 0:01:19]} 23. h4 {[%emt 0:00:33]} Be8 {[%emt 0:00:21]} 24. h5 {[%emt 0:00:28]} Kc8 {[%emt 0:03:32]} 25. R5g3 {[%emt 0:18:58]} Bxe5 {[%emt 0:04:27]} 26. Bxe5 {[%emt 0:00:53]} Qc6 {[%emt 0:01:07]} 27. d4 {[%emt 0:00:57]} cxd4 {[%emt 0:01:32]} 28. exd4 {[%emt 0:00:02]} Rb7 {[%emt 0:00:48]} 29. d5 {[%emt 0:01:41]} Qc5 {[%emt 0:00:35]} 30. Bf6 {[%emt 0:04:26]} Rd6 {[%emt 0:03:46]} 31. Re1 {[%emt 0:01:22]} Bf7 {[%emt 0:01:27]} 32. Be7 {[%emt 0:01:31]} Rc7 {[%emt 0:00:19]} 33. Rc3 {[%emt 0:01:00]} Kb7 {[%emt 0:00:35]} 34. h6 {[%emt 0:01:07]} Rcd7 {[%emt 0:02:21]} 35. Re5 {[%emt 0:03:08]} Rc7 {[%emt 0:01:54]} 36. Kb2 {[%emt 0:03:39]} g5 {[%emt 0:01:23]} 37. Bxd6 {[%emt 0:01:09]} Qxd6 {[%emt 0:00:02]} 38. c5 {[%emt 0:00:05]} bxc5 {[%emt 0:00:28]} 39. Rb3+ {[%emt 0:00:11]} Ka8 {[%emt 0:00:52]} 40. Qc4 {[%emt 0:06:29]} a6 {[%emt 0:01:17]} 41. Rxf5 {[%emt 0:33:57]} Be8 {[%emt 0:13:30]} 42. a4 {[%emt 0:00:00]} g4 {[%emt 0:03:04]} 43. Qc3 {[%emt 0:00:00]} Rf7 {[%emt 0:09:07]} 44. Rxf7 {[%emt 0:00:00]} Bxf7 {[%emt 0:00:01]} 45. Qh8+ {[%emt 0:00:00]} Ka7 {[%emt 0:00:03]} 46. Qc8 {[%emt 0:00:00]} Bxd5 {[%emt 0:00:24]} 47. Rc3 {[%emt 0:00:00]} c4 {[%emt 0:02:06]} 48. Qh8 {[%emt 0:00:00]} Qb6+ {[%emt 0:01:10]} 49. Ka2 {[%emt 0:00:00]} Qf2+ {[%emt 0:00:30]} 50. Ka3 {[%emt 0:00:00]} Qc5+ {[%emt 0:00:39]} 51. Kb2 {[%emt 0:00:00]} Qb6+ {[%emt 0:00:17]} 52. Ka2 {[%emt 0:00:00]} Qf2+ {[%emt 0:00:24]} 53. Ka1 {[%emt 0:00:00]} Qg1+ {[%emt 0:01:32]} 54. Kb2 {[%emt 0:00:00]} Qb6+ {[%emt 0:00:16]} 55. Ka2 {[%emt 0:00:00]} 1/2-1/2

[Event "Dutch Open-ch 2019"]
[Site "Dieren"]
[Date "2019.08.01"]
[Round "9.10"]
[White "Ashwath, R.."]
[Black "Lahaye, Rick"]
[Result "1-0"]
[WhiteElo "2365"]
[BlackElo "2421"]
[Annotator "NA"]
[PlyCount "93"]
[EventDate "2019.07.23"]
[EventType "swiss"]
[EventCountry "NED"]
[SourceTitle "playchess.com"]
[Source "ChessBase"]
[SourceQuality "1"]
[TimeControl "40/5400+30:1800+30"]

1. d4 {[%emt 0:02:23]} d5 {[%emt 0:00:00]} 2. c4 {[%emt 0:00:21]} e6 {[%emt 0:00:00]} 3. Nc3 {[%emt 0:00:10]} Nf6 {[%emt 0:00:01]} 4. cxd5 {[%emt 0:00:18]} exd5 {[%emt 0:00:06]} 5. Bg5 {[%emt 0:00:07]} Be7 {[%emt 0:00:04]} 6. e3 {[%emt 0:00:20]} Nbd7 {[%emt 0:00:07]} 7. Bd3 {[%emt 0:00:36]} Nf8 {[%emt 0:00:11]} 8. Nf3 {[%emt 0:00:39]} Ne6 {[%emt 0:00:09]} 9. Bh4 {[%emt 0:00:21]} g6 {[%emt 0:00:12]} 10. O-O {[%emt 0:02:08]} Ng7 {[%emt 0:00:38]} 11. b4 {[%emt 0:02:21]} Bf5 {[%emt 0:07:19]} 12. Bxf5 {[%emt 0:11:31]} Nxf5 {[%emt 0:00:07]} 13. Bxf6 {[%emt 0:01:37]} Bxf6 {[%emt 0:00:04]} 14. Nxd5 {[%emt 0:02:47]} Qxd5 {[%emt 0:00:16]} 15. e4 {[%emt 0:00:07]} Qd7 {[%emt 0:03:07]} 16. exf5 {[%emt 0:00:50]} O-O-O {[%emt 0:08:14]} 17. fxg6 {[%emt 0:06:49]} hxg6 {[%emt 0:01:12]} 18. Qb3 {[%emt 0:04:34]} Rh5 {[%emt 0:01:05]} 19. Rac1 {[%emt 0:01:54]} Rd5 {[%emt 0:08:14]} 20. Rc5 {[%emt 0:07:28]} b6 {[%emt 0:04:50]} 21. Rc4 {[%emt 0:05:59]} Kb8 {[%emt 0:12:26]} 22. h3 {[%emt 0:06:43]} b5 {[%emt 0:15:22]} 23. Rc5 {[%emt 0:04:45]} Bxd4 {[%emt 0:00:51]} 24. Rxd5 {[%emt 0:02:04]} Qxd5 {[%emt 0:00:14]} 25. Nxd4 {[%emt 0:00:21]} Qxd4 {[%emt 0:00:10]} 26. Qxf7 {[%emt 0:00:41]} Qxb4 {[%emt 0:01:58]} 27. Qxg6 {[%emt 0:01:32]} a5 {[%emt 0:04:39]} 28. Rc1 {[%emt 0:06:49]} Qa4 {[%emt 0:03:26]} 29. Qh5 {[%emt 0:12:59]} b4 {[%emt 0:03:45]} 30. Rc5 {[%emt 0:01:46]} Qxa2 {[%emt 0:18:41]} 31. Qh7 {[%emt 0:06:06]} Rc8 {[%emt 0:05:22]} 32. Rb5+ {[%emt 0:00:27]} Ka7 {[%emt 0:00:06]} 33. Qf5 {[%emt 0:00:09]} Qc4 {[%emt 0:02:11]} 34. Rc5 {[%emt 0:01:16]} Qd4 {[%emt 0:00:05]} 35. Rd5 {[%emt 0:04:47]} Qc4 {[%emt 0:00:32]} 36. Rc5 {[%emt 0:00:14]} Qd4 {[%emt 0:00:18]} 37. Rxa5+ {[%emt 0:02:11]} Kb7 {[%emt 0:00:08]} 38. Rb5+ {[%emt 0:00:43]} Kc6 {[%emt 0:00:06]} 39. Ra5 {[%emt 0:01:43]} Qd1+ {[%emt 0:01:39]} 40. Kh2 {[%emt 0:00:02]} Qd6+ {[%emt 0:00:09]} 41. g3 {[%emt 0:31:08]} Rb8 {[%emt 0:30:06]} 42. Qe4+ {[%emt 0:00:00]} Kb6 {[%emt 0:00:00]} 43. Rd5 {[%emt 0:00:00]} Qf8 {[%emt 0:00:00]} 44. Rf5 {[%emt 0:00:00]} Qd6 {[%emt 0:00:00]} 45. Rd5 {[%emt 0:00:00]} Qf8 {[%emt 0:00:00]} 46. Qd4+ {[%emt 0:00:00]} Kb7 {[%emt 0:00:00]} 47. Rc5 {[%emt 0:00:00]} 1-0